| 000 | 00933nam a2200229 a 4500 | ||
|---|---|---|---|
| 001 | 71208 | ||
| 003 | BD-RjUL | ||
| 005 | 20211209082105.0 | ||
| 008 | 170429s1985 ii ||||| |||| 00| 0 ben d | ||
| 020 | _c : Tk. 30.00 | ||
| 035 | _a(BD-RjUL)71423 | ||
| 040 |
_aBD-RjUL _bben _cBD-RjUL _dBD-RjUL |
||
| 041 | _aben | ||
| 082 |
_223 _a891.44109 _bGUB 1985 |
||
| 100 | 1 | 0 |
_aগুপ্ত, সুশীলকুমার _9123824 |
| 245 | 1 | 0 |
_a বাঙলাকাব্য-বীক্ষণ / _cসুশীলকুমার গুপ্ত |
| 260 |
_aকলিকাতা : _bএ. মুখার্জী অ্যান্ড কোম্পানী প্রা. লি., _c১৯৮৫ |
||
| 300 |
_a১৮৮ পৃ. ; _c২০ সমি. |
||
| 650 |
_aবাংলা কাব্য-- ইতিহাস ও সমালোচনা _9210669 |
||
| 650 |
_aBengali poetry--History and criticism _9210670 |
||
| 942 |
_2ddc _cBK |
||
| 999 |
_c71208 _d71208 |
||